000 00270nam a2200097Ia 4500
008 241105s9999 xx 000 0 und d
041 _aeng
100 _aBhosale Shreya
_9182549
245 _aBoutique Hotel At Fort Jaigarh Jaipur
260 _bFinal Year B. Arch, BNCA
_c2014
999 _c360838
_d360838